Statistics for Nad Tatrou sa blýska (Anthem of Slovakia) Lyrics Quiz

Click here to take the quiz!

General Stats

  • This quiz has been taken 202 times
  • The average score is 25 of 30

Answer Stats

Answers% Correct
Nad
100%
sa
100%
Tatrou
100%
blýska,
96%
bijú.
94%
divo
94%
Hromy
94%
bratia,
91%
ich,
89%
Slováci
87%
stratia,
87%
Zastavme
87%
ožijú.
86%
Slovensko
85%
To
85%
spalo.
84%
Veď
83%
naše
82%
ony
82%
tvrdo
80%
k
78%
Aby
76%
Ale
75%
ho
75%
Posiaľ
75%
prebralo.
75%
tomu,
74%
blesky
73%
hromu
71%
Vzbudzujú
69%

Score Distribution

Percentile by Number Answered

Percent of People with Each Score

Your Score History

You have not taken this quiz